000 01082nam a2200253Ia 4500
003 OSt
005 20200826162740.0
008 191128s2000 ck gr 000 0 spa d
020 _a9589160816
040 _aCo-JMCR
_cCo-JMCR
041 1 _aspa
_heng
082 0 4 _a370.15 /
_bR278m
_223
100 1 _aResweber, Jean Paul,
_eautor
_99307
245 1 3 _aEl método Interdisciplinario /
_cJean Paul Resweber; traducido por Maria Elvira Rodríguez Luna
260 _aBogotá :
_bUniversidad Distrital Francisco José de Caldas Centro de Investigaciones y desarrollo científico,
_c2000.
300 _a142 páginas ;
_c23 cm.
500 _aIncluye datos biográficos del autor en tapa posterior.
504 _aBibliografía : páginas 139-142.
505 0 _aLa ficción del especialista -- El contexto cultural de interdisciplinariedad -- La función contestataria de la interdisciplinariedad Los dominios estratégicos de la interdisciplinariedad
650 2 4 _aInterdisciplinariedad
_99308
650 2 4 _aLenguaje
_99309
650 2 4 _ainterdiscipliariedad
_99310
942 _2ddc
_cBK
999 _c6076
_d6076